| 000 | 01478nam0a22003611 4500 | ||
|---|---|---|---|
| 001 | rc\2478731 | ||
| 005 | 20260406134157.0 | ||
| 035 | _a(NLR Aleph) 006721079 | ||
| 090 |
_a5444064 _c5444064 |
||
| 100 | _a20110830d1979 |||y0rusy50 ca | ||
| 101 | 1 |
_arus _auzb _cdan |
|
| 102 | _aRU | ||
| 105 | _aa e ||||| | ||
| 200 | 1 |
_aСказки _e[С рус.-узб. словарем _eДля мл. шк. возраста] _fГанс Христиан Андерсен _gПер. с дат. А. Ганзен _gХудож. В. и М. Рейх |
|
| 210 |
_aТашкент _cУкитувчи _d1979 |
||
| 215 |
_a72 с. _cил. _d20 |
||
| 225 | 1 | _aБиблиотечка узбекского школьника | |
| 225 | 1 | _aШкольная библиотека | |
| 686 |
_aШ141.2-962узб.47 _2rubbk |
||
| 686 |
_aЩ897.58(2)Рейх,ВиМ-1 _2rubbk |
||
| 686 |
_aШ9(2)70(4Д) _2rubbk |
||
| 700 | 1 |
_7ca _8rus _aАндерсен _bХ. К. _f1805-1875 _gХанс Кристиан _9112181 _3RU\NLR\AUTH\772165 |
|
| 702 | 1 |
_aРейх _bВ. _4440 |
|
| 702 | 1 |
_4730 _7ca _8rus _aГанзен _bА. В. _f1869-1942 _gАнна Васильевна _942978 _3RU\NLR\AUTH\7760047 |
|
| 702 | 1 |
_aРейх _bМ. _4440 |
|
| 790 | 1 |
_7ca _8rus _aАндерсен _bХ. К. _f1805-1875 _gХанс Кристиан _9112181 _3RU\NLR\AUTH\772165 |
|
| 801 | 0 |
_aRU _bNLR _gpsbo |
|
| 801 | 1 |
_aRU _bELAR _2rusmarc |
|
| 852 |
_aNLR _jDesideratum |
||
| 899 |
_aRuMoRGB _jM 80-9/8 |
||
| 942 | _cBOOK | ||
| 980 | _aNB | ||